000
00346nam a22001577a 4500
003
SGT
020
_a
9789386478047
082
_a
621.81,KUM
100
_a
KUMAR VIVEK
245
_a
THEORY OF MACHINES
250
_a
1ST
260
_a
NEW DELHI
_b
CBS PUBLISHERS
_c
2017
300
_a
448
653
_a
MECHANICAL ENGINEERING
942
_2
ddc
_c
BK
999
_c
22967
_d
22967